Freeze Rael - freeze corleone - Statistiques

Statistiques générales
  • Ce quiz a été pris 1 005 fois
  • Le résultat moyen est 204 sur 415
Statistiques - réponses
% Correct
Freeze
98%
S/o
97%
s/o
97%
comme
94%
la
94%
94%
Raël
94%
Israel
92%
Israël
92%
prod
89%
sur
89%
Sur
89%
B
88%
le
87%
Chen
85%
Laden
84%
ces
82%
dans
81%
Dans
81%
Fuck
81%
Ben
80%
À
79%
à
79%
les
78%
de
77%
en
75%
nègres
74%
sa
69%
Ekip
68%
ekip
68%
(ekip)
68%
ekip)
68%
et
65%
des
64%
l'complot
63%
si
63%
JB
58%
on
58%
pieds
58%
Rock
58%
rock
58%
The
58%
dentiers
57%
20-20
56%
ça
56%
rap
56%
Rap
56%
VVS
56%
chantier
55%
c'est
54%
satanique
54%
100
53%
ma
53%
J'suis
51%
j'suis
51%
(pétasse)
51%
pétasse
51%
vois
51%
j'étais
50%
J'veux
50%
j'veux
50%
lin
50%
veut
50%
LDO
49%
petit
49%
pour
49%
chefs
48%
J'les
48%
Sku
48%
sku
48%
(sku
48%
sku)
48%
MMS
47%
architectes
46%
Europe
46%
kicke
46%
Phantom
46%
banquiers
45%
investisseurs
45%
j'ai
45%
J'ai
45%
que
45%
tes
45%
t'es
45%
l'biff
44%
propos
44%
sans
44%
Zen
43%
zen
43%
Menace
42%
négro
42%
sommes
42%
Dakar
41%
mort
41%
Mort
41%
faire
40%
part
40%
pédos
40%
Lego
39%
un
39%
Weed
39%
aka
38%
Fantôme
38%
Cali
37%
empile
37%
BBVA
36%
briques
36%
D-Block
36%
Faut
36%
mégots
36%
oreilles
36%
pas
36%
Arouf
35%
est
35%
Promethazine
35%
Verratti
35%
fumé
34%
Liga
34%
Marco
34%
saigner
34%
corniche
33%
forêts
33%
J'fume
33%
j'fume
33%
club
32%
Concurrence
32%
gelano
32%
j'arrive
32%
j'prends
32%
Loud
32%
loud
32%
mes
32%
propriétaire
32%
TVA
32%
HSBC
31%
master
31%
partout
31%
peines
31%
rose
31%
Chirak
30%
ils
30%
j'laisse
30%
l'anneau
30%
arrive
29%
Binladen
29%
Quoi
29%
Sterling
29%
sterling
29%
Chinois
28%
foreigns
28%
l'milieu
28%
qu'il
28%
tous
28%
Continental
27%
Gelati
27%
Gros
27%
rentre
27%
Rital
27%
Collector
26%
Corleone
26%
droits
26%
giga
26%
Larousse
26%
l'fer
26%
nano
26%
pasteurs
26%
SBC
26%
euros
25%
livres
25%
roule
25%
toucher
25%
aqua
24%
dollars
24%
j'fais
24%
Maserati
24%
mets
24%
avec
23%
Erling
23%
français
23%
j'leur
23%
J'mixe
23%
masters
23%
Maybach
23%
pack
23%
Switch
23%
tête
23%
v'la
23%
Adama
22%
cash
22%
Distro
22%
jour
22%
Mac
22%
OG
22%
pédicure
22%
peuvent
22%
qu'on
22%
réticule
22%
rimes
22%
Alabama
21%
bitch
21%
Futbin
21%
m'voir
21%
NBC
21%
(NBC
21%
place
21%
qu'j'pèse
21%
soupapes
21%
4
20%
cage
20%
chevilles
20%
chez
20%
Devant
20%
rien
20%
secte
20%
SLK
20%
Sous
20%
aille
19%
aux
19%
carré
19%
chaque
19%
fois
19%
Gère
19%
sent
19%
Tyer
19%
business
18%
d'loud
18%
Faygo
18%
Professor
18%
berlines
17%
bistrot
17%
Bone
17%
designer
17%
hein
17%
l'lobby
17%
l'piège
17%
protector
17%
qu'ma
17%
zombie
17%
deux
16%
j'me
16%
j'serais
16%
justice
16%
Days
15%
Gone
15%
j'vois
15%
Quand
15%
Runtz
15%
municipales
14%
porcs
14%
Bientôt
13%
j'marche
13%
Nick
13%
présente
13%
vitesses
13%
flou
12%
Baba
11%
pendez-les
11%
potion
11%
supreme
10%
Basedgod
9%
Galsen
9%
Lil
9%
maal
8%
neck
8%
xans
8%
Tical
5%
and
4%
Aucun quiz correspondant
Distribution des résultats
% des personnes avec chaque résultat
Percentile par nombre de réponses
Votre historique - résultats
Vous n’avez pas pris ce quiz